[Event "QA-ANNIV-04"]
[Site "http://www.queenalice.com/game.php?id=808063"]
[Date "2010.7.24"]
[Round "9"]
[White "Wang"]
[Black "Lorfman"]
[Result "0-1"]
[WhiteElo "2483"]
[BlackElo "2783"]

1. e4 c5 2. Nc3 d6 3. g3 Nc6 4. Bg2 g6 5. d3 Bg7 6. Be3 Rb8 7. Qd2 b5 8. Nge2 b4
9. Nd1 Nd4 10. O-O Qb6 11. Bxd4 cxd4 12. b3 Qc5 13. Nb2 h5 14. Nc4 h4 15. a3
bxa3 16. Rxa3 a6 17. Rfa1 Nf6 18. Ra5 Rb5 19. Rxb5 axb5 20. Ra5 h3 21. Bh1 Bh6
22. Qe1 O-O 23. b4 Qc7 24. Na3 e5 25. c3 Bd7 26. Nxb5 Qb6 27. c4 Ng4 28. Qf1 d5
29. exd5 Qf6 30. d6 Nxf2 31. Nf4 Bxf4 0-1

[Event "QA-ANNIV-05"]
[Site "http://www.queenalice.com/game.php?id=841362"]
[Date "2010.10.3"]
[Round "6"]
[White "csparrow"]
[Black "Wang"]
[Result "1/2-1/2"]
[WhiteElo "2595"]
[BlackElo "2482"]

1. Nf3 d5 2. d4 Nf6 3. c4 dxc4 4. e3 e6 5. Bxc4 c5 6. Qe2 a6 7. dxc5 Bxc5 8. O-O
Nc6 9. e4 b5 10. Bb3 O-O 11. Nc3 e5 12. Rd1 Qb6 13. Nd5 Nxd5 14. Bxd5 Bg4 15.
Be3 Rac8 16. h3 Bxf3 17. Qxf3 Bxe3 18. fxe3 Kh8 19. Rac1 f6 20. Kh2 Ne7 21. b4
h6 22. a3 Rxc1 23. Rxc1 Rd8 24. h4 Rd7 25. g4 Kh7 26. Rc6 Qa7 27. Re6 Rc7 28. g5
Rc2+ 29. Kg3 Rc3 30. Kf2 Rc2+ 31. Kg3 Rc3 1/2-1/2

[Event "QA-ANNIV-06"]
[Site "http://www.queenalice.com/game.php?id=885088"]
[Date "2011.1.12"]
[Round "3"]
[White "luiz_gustavo"]
[Black "Wang"]
[Result "0-1"]
[WhiteElo "1792"]
[BlackElo "2484"]

1. e4 e5 2. Nf3 Nc6 3. Bb5 a6 4. Ba4 Nf6 5. O-O Be7 6. Bxc6 dxc6 7. Nc3 Bg4 8.
h3 Bh5 9. Re1 Qd6 10. Re3 O-O-O 11. g4 Bxg4 12. hxg4 Nxg4 13. Re1 Qg6 14. Kf1
Bc5 15. d4 Bxd4 16. Nxd4 Nh2+ 17. Ke2 Qg4+ 18. f3 Qg2+ 19. Ke3 exd4+ 20. Qxd4
Qxf3+ 0-1

[Event "QA-ANNIV-05"]
[Site "http://www.queenalice.com/game.php?id=885942"]
[Date "2011.1.13"]
[Round "7"]
[White "Wang"]
[Black "AndyWo"]
[Result "0-1"]
[WhiteElo "2485"]
[BlackElo "2607"]

1. d4 Nf6 2. c4 e6 3. Nf3 d5 4. Nc3 c6 5. e3 Nbd7 6. Bd3 dxc4 7. Bxc4 b5 8. Bd3
Bb7 9. e4 b4 10. Na4 c5 11. e5 Nd5 12. O-O cxd4 13. Re1 g6 14. Bg5 Be7 15. Bh6
Bf8 16. Bg5 Be7 17. Bxe7 Qxe7 18. Nxd4 Rc8 19. Nb5 O-O 20. Nd6 Rc7 21. Nxb7 Rxb7
22. Rc1 Rd8 23. Qg4 N7b6 24. Ba6 Nxa4 25. Bxb7 Qxb7 26. Re2 Qa6 0-1

[Event "QA-ANNIV-05"]
[Site "http://www.queenalice.com/game.php?id=921203"]
[Date "2011.4.3"]
[Round "8"]
[White "Wang"]
[Black "califkid"]
[Result "1-0"]
[WhiteElo "2479"]
[BlackElo "1937"]

1. c4 Nf6 2. Nc3 e5 3. g3 c6 4. d4 exd4 5. Qxd4 d5 6. Nf3 Be7 7. cxd5 cxd5 8.
Bg2 Nc6 9. Qa4 O-O 10. O-O Be6 11. Be3 Ng4 12. Bf4 a6 13. Rad1 Nf6 14. e4 Qc8
15. exd5 b5 16. Qc2 Nb4 17. Qb3 Nbxd5 18. Nxd5 Bxd5 19. Rxd5 1-0

[Event "QA-ANNIV-06"]
[Site "http://www.queenalice.com/game.php?id=924399"]
[Date "2011.4.10"]
[Round "4"]
[White "Wang"]
[Black "GMNeny"]
[Result "1-0"]
[WhiteElo "2480"]
[BlackElo "2479"]

1. d4 Nf6 2. c4 g6 3. Nc3 Bg7 4. e4 d6 5. Nf3 O-O 6. Be2 e5 7. O-O Nc6 8. d5 Ne7
9. b4 a5 10. Ba3 b6 11. b5 Nh5 12. Re1 f5 13. Rb1 fxe4 14. Nxe4 Nf4 15. Bf1 Bg4
16. Rb3 Qd7 17. h3 Bf5 18. Ng3 Rae8 19. Bb2 Qd8 20. Nxf5 Nxf5 21. Re4 Nh4 22.
Nd2 Nf5 23. g3 Nh5 24. g4 Nf6 25. gxf5 Nxe4 26. Nxe4 gxf5 27. Ng3 Qg5 28. Qh5
Qg6 29. Bc1 e4 30. Qxg6 hxg6 31. Ne2 Kf7 32. Nf4 Bh6 33. Rg3 Rg8 34. Kg2 Ke7 35.
Be2 Kd7 36. Kf1 Kc8 37. Ke1 Kb7 38. Kd1 Bxf4 39. Bxf4 Rh8 40. Kd2 Ref8 41. Ke3
Kb8 42. Bg5 Rf7 43. Kf4 Rfh7 44. Bf6 Rf8 45. Kg5 f4 46. Rb3 f3 47. Bf1 Rhf7 48.
Bd4 Rf5+ 49. Kxg6 Rf4 50. Bg7 Rg8 51. Re3 1-0

[Event "QA-ANNIV-05"]
[Site "http://www.queenalice.com/game.php?id=953542"]
[Date "2011.6.24"]
[Round "9"]
[White "KirumbaKizumba"]
[Black "Wang"]
[Result "1/2-1/2"]
[WhiteElo "2453"]
[BlackElo "2488"]

1. e4 c6 2. d4 d5 3. Nc3 dxe4 4. Nxe4 Bf5 5. Ng3 Bg6 6. h4 h6 7. Nf3 Nd7 8. h5
Bh7 9. Bd3 Bxd3 10. Qxd3 e6 11. Bd2 Ngf6 12. O-O-O Be7 13. Ne4 O-O 14. Kb1 c5
15. Nxf6+ Bxf6 1/2-1/2

[Event "QA-ANNIV-06"]
[Site "http://www.queenalice.com/game.php?id=967018"]
[Date "2011.7.31"]
[Round "5"]
[White "Wang"]
[Black "JDZ"]
[Result "1/2-1/2"]
[WhiteElo "2487"]
[BlackElo "2480"]

1. g3 d5 2. Nf3 Nf6 3. Bg2 g6 4. b3 Bg7 5. Bb2 c5 6. c4 d4 7. b4 O-O 8. O-O Re8
9. bxc5 e5 10. d3 Nfd7 11. Ba3 Na6 12. c6 bxc6 13. Nbd2 Rb8 14. Ne4 Qa5 15. Bd6
Rb2 16. Nfd2 c5 17. Rb1 Rxb1 18. Qxb1 f5 19. Qb5 Qb6 20. Qxb6 axb6 21. Ng5 Bh6
22. Bd5+ Kg7 23. h4 Nb4 24. Rb1 Nxd5 25. cxd5 Ba6 26. f3 Bb7 27. Nc4 Bxg5 28.
hxg5 Bxd5 29. Nxb6 Bxa2 30. Rb2 Nxb6 31. Rxa2 c4 32. Ra6 Nc8 1/2-1/2

[Event "QA-ANNIV-05"]
[Site "http://www.queenalice.com/game.php?id=983080"]
[Date "2011.9.9"]
[Round "10"]
[White "Wang"]
[Black "majersesc"]
[Result "1-0"]
[WhiteElo "2487"]
[BlackElo "2409"]

1. d4 d5 2. c4 e6 3. Nf3 Nf6 4. Bg5 Be7 5. Nc3 c6 6. e3 Nbd7 7. Be2 O-O 8. O-O
Ne8 9. Bxe7 Qxe7 10. Qc2 Nb6 11. c5 Nd7 12. b4 f6 13. b5 e5 14. bxc6 bxc6 15.
Qa4 Qe6 16. e4 Nc7 17. Qa5 Ne8 18. Bd1 Kh8 19. Bb3 Bb7 20. Rfe1 g5 21. Rab1 g4
22. Nh4 f5 23. exd5 cxd5 24. dxe5 Rc8 25. c6 Bxc6 26. Nxd5 Bxd5 27. Bxd5 Qh6 28.
e6 Nb6 29. e7 Rf6 30. g3 Nxd5 31. Qxd5 f4 32. Qd7 Rfc6 33. Rbd1 fxg3 34. hxg3
Qf6 35. Re4 R6c7 36. Qxg4 Rc1 37. Kg2 R1c2 38. Rf4 Qxe7 39. Rd7 Qc5 40. Ng6+ 1-0

[Event "AUTO-ELITE-2362"]
[Site "http://www.queenalice.com/game.php?id=1770377"]
[Date "2021.9.20"]
[Round "1"]
[White "Diemerlin"]
[Black "Wang"]
[Result "0-1"]
[WhiteElo "2392"]
[BlackElo "2476"]

1. d4 d5 2. Bf4 Nf6 3. e3 c5 4. Nf3 Nc6 5. Nbd2 e6 6. c3 cxd4 7. exd4 Nh5 8. Be5
f6 9. Bg3 g6 10. Bb5 Qb6 0-1

[Event "AUTO-ELITE-2362"]
[Site "http://www.queenalice.com/game.php?id=1770383"]
[Date "2021.9.20"]
[Round "1"]
[White "RaulSoft"]
[Black "Wang"]
[Result "1-0"]
[WhiteElo "2703"]
[BlackElo "2478"]

1. d4 Nf6 2. c4 e6 3. Nf3 d5 4. g3 dxc4 5. Qa4+ Nbd7 6. Qxc4 a6 7. Bg2 b5 8. Qc6
Ra7 9. O-O Bb7 10. Qc2 c5 11. a4 b4 12. Be3 Be4 13. Qd1 cxd4 14. Bxd4 Rc7 15.
Nbd2 Bc2 16. Qe1 Be7 17. b3 O-O 18. Rc1 Re8 19. Ne5 Qc8 20. a5 h5 21. e3 Nd5 22.
Nxd7 Qxd7 23. Qe2 Bf6 24. Qxa6 Bxd4 25. exd4 Rec8 26. Rfe1 h4 27. Qe2 Rc3 28.
Qe5 f6 29. Qxe6+ Qxe6 30. Rxe6 Bf5 31. Rxc3 1-0

[Event "AUTO-ELITE-2362"]
[Site "http://www.queenalice.com/game.php?id=1770384"]
[Date "2021.9.20"]
[Round "1"]
[White "Wang"]
[Black "RaulSoft"]
[Result "0-1"]
[WhiteElo "2482"]
[BlackElo "2704"]

1. e4 e5 2. Nf3 Nc6 3. Bb5 Nf6 4. O-O Nxe4 5. Re1 Nd6 6. Nxe5 Nxe5 7. Rxe5+ Be7
8. Bf1 O-O 9. d4 Ne8 10. d5 Bc5 11. Re1 d6 12. Nc3 Bf5 13. Bd3 Qf6 14. Be3 Qg6
15. h3 h6 16. Rc1 Nf6 17. Bxc5 dxc5 18. Re3 Bxd3 19. Qxd3 Qxd3 20. Rxd3 Rfd8 21.
f3 Rd7 22. g4 Rad8 23. Rcd1 b6 24. Kf2 Ne8 25. b3 Nd6 26. R1d2 Kf8 27. h4 a5 28.
Ne4 c4 29. Rd4 cxb3 30. axb3 Re8 31. Kg3 h5 0-1